|
|
|
|
| LEADER |
00000cam a2200000 7i4500 |
| 001 |
0000024861 |
| 005 |
20130716.0 |
| 008 |
130610 my v may |
| 040 |
|
|
|a INS
|
| 090 |
0 |
0 |
|a VCD 2133
|
| 245 |
1 |
0 |
|a Simposium Pegawai Penilaian VII :
|b Pengukuhan Pasukan dan Pemantapan Kumpulan [
|h cakera video] :
|b 9 Julai 2012
|
| 260 |
|
|
|a Kajang :
|b Institut Penilaian Negara ,
|c 2012
|
| 300 |
|
|
|a 1 cakera video (1jam 16min.) :
|b bny., wrn. ;
|c 4 3/4 in.
|
| 650 |
|
0 |
|a Pegawai Penilaian
|x Congresses
|
| 650 |
|
0 |
|a Real estate property
|x Congresses
|
| 710 |
1 |
|
|a Institut Penilaian Negara
|
| 999 |
|
|
|a VCD0002133
|b VIDEO CD
|c Media Collection
|e Default branch
|